[Event "Nuremberg-ch op 05th"]
[Site "Nuremberg"]
[Date "2005.05.08"]
[Round "5"]
[White "Frish, Vladislav"]
[Black "Waertsch, Michael"]
[Result "0-1"]
[WhiteElo "1566"]
[BlackElo "1694"]
[PlyCount "94"]
[EventDate "2005.05.06"]
[EventType "swiss"]
[EventRounds "5"]
[EventCountry "GER"]
[SourceTitle "EXT 2007"]
[Source "ChessBase"]
[SourceDate "2006.11.23"]
[SourceVersion "1"]
[SourceVersionDate "2006.11.23"]
[SourceQuality "1"]

1. e4 e6 2. d4 d5 3. exd5 exd5 4. Nf3 Bd6 5. Nc3 c6 6. Be3 Ne7 7. Bd3 Bf5 8. 0-0 Nd7 9. Re1 0-0 10. a3 Qc7 11. Bg5 f6 12. Bh4 Bg4 13. h3 Bh5 14. Bg3 Bxg3 15. fxg3 Rfe8 16. g4 Bg6 17. Nh4 Qg3 18. Nxg6 Nxg6 19. Bxg6 hxg6 20. Ne2 Qe3+ 21. Kh2 Re7 22. Ng3 Qxe1 23. Qxe1 Rxe1 24. Rxe1 Kf7 25. Re3 Re8 26. Rxe8 Kxe8 27. Ne2 Nb6 28. b3 Nc8 29. Kg3 Nd6 30. Kf3 Nb5 31. a4 Na3 32. c3 a5 33. Ke3 b5 34. axb5 Nxb5 35. h4 Kf7 36. Kd3 Nd6 37. c4 dxc4+ 38. bxc4 g5 39. g3 Ke6 40. Nc3 f5 41. gxf5+ Nxf5 42. d5+ cxd5 43. cxd5+ Ke5 44. hxg5 Nxg3 45. Ke3 Nf5+ 46. Kf3 Ne7 47. Kg4 g6 0-1

[Event "Nuremberg-ch op 04th"]
[Site "Nuremberg"]
[Date "2004.05.23"]
[Round "4"]
[White "Waertsch, Michael"]
[Black "Roeckl, Adelbert"]
[Result "1/2-1/2"]
[WhiteElo "1666"]
[BlackElo "1429"]
[PlyCount "72"]
[EventDate "2004.05.21"]
[EventType "swiss"]
[EventRounds "5"]
[EventCountry "GER"]
[SourceTitle "EXT 2006"]
[Source "ChessBase"]
[SourceDate "2005.11.24"]
[SourceVersion "1"]
[SourceVersionDate "2005.11.24"]
[SourceQuality "1"]

1. e4 Nf6 2. e5 Nd5 3. d4 d6 4. Nf3 Bg4 5. Be2 c6 6. 0-0 dxe5 7. Nxe5 Bxe2 8. Qxe2 Nd7 9. Nxd7 Qxd7 10. c4 Nf6 11. Be3 e6 12. Nd2 Be7 13. Nf3 0-0 14. h3 Qc7 15. Rfd1 Rfd8 16. a3 a5 17. b3 b6 18. Qc2 g6 19. Bg5 Ne8 20. Bxe7 Qxe7 21. Qe4 Qc7 22. Ne5 Rac8 23. Rd3 f6 24. Nf3 Qe7 25. Qe3 Rd7 26. Re1 Ng7 27. Qc1 Rcd8 28. Qb2 Rd6 29. Rd2 Qc7 30. Red1 Nf5 31. Qc3 e5 32. dxe5 Rxd2 33. Rxd2 Rxd2 34. Qxd2 fxe5 35. Qe1 Nd4 36. Nxd4 exd4 1/2-1/2

[Event "Leipzig VfB op 10th"]
[Site "Leipzig"]
[Date "2003.03.16"]
[Round "9"]
[White "Waertsch, Michael"]
[Black "Fuchs, Judith"]
[Result "0-1"]
[WhiteElo "1675"]
[BlackElo "1533"]
[PlyCount "62"]
[EventDate "2003.03.11"]
[EventType "swiss"]
[EventRounds "9"]
[EventCountry "GER"]
[SourceTitle "EXT 2008"]
[Source "ChessBase"]
[SourceDate "2007.11.25"]
[SourceVersion "1"]
[SourceVersionDate "2007.11.25"]
[SourceQuality "1"]

1. e4 c6 2. d4 d5 3. exd5 cxd5 4. Bd3 Nc6 5. c3 Nf6 6. Bf4 e6 7. Nd2 Bd6 8. Bxd6 Qxd6 9. Ngf3 0-0 10. 0-0 b6 11. Re1 Bb7 12. Ne5 Nd7 13. Nxd7 Qxd7 14. Qh5 g6 15. Qh6 Rae8 16. f4 f6 17. Re3 e5 18. Bxg6 hxg6 19. Qxg6+ Qg7 20. Qh5 Qh7 21. Rg3+ Kh8 22. Qd1 Bc8 23. fxe5 fxe5 24. dxe5 Nxe5 25. Nf1 Qf7 26. Qd4 Qf6 27. Rd1 Re7 28. Ne3 Ref7 29. Qd2 Nc4 30. Qe2 Nxe3 31. Rxe3 Bg4 0-1

[Event "Leipzig VfB op 10th"]
[Site "Leipzig"]
[Date "2003.03.12"]
[Round "3"]
[White "Waertsch, Michael"]
[Black "Nguyen, Hoa My"]
[Result "0-1"]
[WhiteElo "1675"]
[BlackElo "1449"]
[PlyCount "70"]
[EventDate "2003.03.11"]
[EventType "swiss"]
[EventRounds "9"]
[EventCountry "GER"]
[SourceTitle "EXT 2008"]
[Source "ChessBase"]
[SourceDate "2007.11.25"]
[SourceVersion "1"]
[SourceVersionDate "2007.11.25"]
[SourceQuality "1"]

1. e4 c5 2. Nc3 Nc6 3. g3 g6 4. Bg2 Bg7 5. d3 e6 6. f4 Nge7 7. Nf3 0-0 8. 0-0 d5 9. Nh4 b6 10. f5 gxf5 11. exf5 exf5 12. Bh3 Nd4 13. Ne2 c4 14. c3 Nxe2+ 15. Qxe2 Re8 16. Qf3 Bb7 17. dxc4 Qc7 18. cxd5 Bxd5 19. Qf2 Rad8 20. Nxf5 Nxf5 21. Bxf5 Bf8 22. Re1 Rxe1+ 23. Qxe1 Bc5+ 24. Kf1 Qc6 25. Be3 Re8 26. Bxh7+ Kxh7 27. Qb1+ Kg8 28. Bxc5 Bc4+ 29. Kf2 Qxc5+ 30. Kf3 Be2+ 31. Kg2 Qd5+ 32. Kg1 Bd3 33. Qd1 Qc5+ 34. Kg2 Re2+ 35. Kf3 Qf5# 0-1